000 00176 a2200097 4500
020 _a071152007995
041 _aeng
100 _aRoberts, Nora
245 _aBlack rose
942 _cBK
999 _c838
_d838